| 000 -LEADER |
| fixed length control field |
01115pab a2200181 454500 |
| 008 - FIXED-LENGTH DATA ELEMENTS--GENERAL INFORMATION |
| fixed length control field |
180718b2005 xxu||||| |||| 00| 0 eng d |
| 100 ## - MAIN ENTRY--PERSONAL NAME |
| Personal name |
Mayer, Jean Francois |
| 245 ## - TITLE STATEMENT |
| Title |
Changes and continuity: Labour policy in Mexico after the 2000 regime transition |
| 260 ## - PUBLICATION, DISTRIBUTION, ETC. |
| Date of publication, distribution, etc. |
2005 |
| 300 ## - PHYSICAL DESCRIPTION |
| Extent |
p.55-69. |
| 362 ## - DATES OF PUBLICATION AND/OR SEQUENTIAL DESIGNATION |
| Dates of publication and/or sequential designation |
Jan-Mar |
| 520 ## - SUMMARY, ETC. |
| Summary, etc. |
The state-labour relations in Mexico since the regime transition of 2000 may be conceptualised as being determined by a clientele relations between the new regime and the leaders of labour unions. Lacking a long-term sustainability and harmony, the new pattern seems to be unstable and subject to important transformations. Here is an analyses of the institutional context of the relations between state and the organised labour after the recent political changes in that country. It is suggested that the strategic reforms in the labour laws may pave the way towards consolidation of Mexico's procedural democracy. - Reproduced. |
| 650 ## - SUBJECT ADDED ENTRY--TOPICAL TERM |
| Topical term or geographic name entry element |
Labour - Mexico |
| 650 ## - SUBJECT ADDED ENTRY--TOPICAL TERM |
| Topical term or geographic name entry element |
Labour policy |
| 773 ## - HOST ITEM ENTRY |
| Main entry heading |
Indian Journal of Public Administration |
| 908 ## - PUT COMMAND PARAMETER (RLIN) |
| Put command parameter |
N |
| 909 ## - |
| -- |
64747 |